000 00649nam a22002177a 4500
003 UA-OsUOA
001 39241
007 ta
008 20060613b un ||||| |||| 00| 0 ukr d
090 _a81'0
_bИ90
942 _cBK
040 _aUA-OsUOA
_brus
_cUA-OsUOA
_dUA-OsUOA
245 _aИстория русского языка и лингвистическое источниковедение
300 _a261 с.
955 _a1
041 _arus
080 _a81'0
260 _aМ.
_c1987
650 7 _a8 Мовознавство. Художня література. Літературознавство
_2UDC
999 _c325389
_d325389